Govt. of
Madhya Pradesh

Whose Freedom Whose Order (Record no. 34459)

MARC details
000 -LEADER
fixed length control field 004370000a22001810004500
003 - CONTROL NUMBER IDENTIFIER
control field MACL
005 - DATE AND TIME OF LATEST TRANSACTION
control field 20151230161454.0
008 - FIXED-LENGTH DATA ELEMENTS--GENERAL INFORMATION
fixed length control field 151230b xxu||||| |||| 00| 0 eng d
040 ## - CATALOGING SOURCE
Original cataloging agency MACL
Transcribing agency MACL
041 ## - LANGUAGE CODE
Language code of text/sound track or separate title English
082 ## - DEWEY DECIMAL CLASSIFICATION NUMBER
Classification number 320/MAN
100 ## - MAIN ENTRY--PERSONAL NAME
Personal name Mankekar, D R
9 (RLIN) 15278
245 ## - TITLE STATEMENT
Title Whose Freedom Whose Order
260 ## - PUBLICATION, DISTRIBUTION, ETC. (IMPRINT)
Name of publisher, distributor, etc. Clarion Books
Date of publication, distribution, etc. 1981
350 ## - PRICE (NR) (BK AM CF MU VM SE) [OBSOLETE]
Price 55
650 ## - SUBJECT ADDED ENTRY--TOPICAL TERM
Topical term or geographic name as entry element Political Science
9 (RLIN) 25214
942 ## - ADDED ENTRY ELEMENTS (KOHA)
Koha item type Books
Call number prefix 320/Man
Source of classification or shelving scheme
Holdings
Withdrawn status Lost status Source of classification or shelving scheme Damaged status Not for loan Home library Current library Date acquired Total Checkouts Full call number Barcode Date last seen Uniform Resource Identifier Price effective from Koha item type
          MACL MACL 15/04/2015   320/Man CLE016979 29/04/2015 34663 15/04/2015 Books